00845aab a2200169 i 4500001001000000003001000010005001700020008004100037040001900078041000800097100003600105245007100141300007500212520025700287650002300544773010800567768714001CO-MdFUSB20240422110000.0240411t1985 ag ||||| |||| 00| 0 spa d bspacCO-MdFUSB aspa1 aBreneman, Mervin (1930-)eautor aMisión y el pueblo judío intertestamentarioc/ Mervin Breneman a Volumen 4, número 3 (septiembre, 1985), páginas: 91 - 93c; 27 cm aEste artículo se basa en ¿Cómo vio su misión en el mundo el pueblo judío en el periodo posterior al Antiguo Testamento?. Se concluye que el Antiguo Testamento con su énfasis misionológico preparó el camino para la misión de la Iglesia. 7aJudíosxHistoria0 tIglesia y Misión049402g Volumen 4, número 3 (septiembre, 1985), páginas: 91 - 93qpágina: 91